000 00367 a2200169 4500
001 183383
020 _a
040 _cMagnum
100 _aNicolelis, Giselda Laporta
240 1 0 _aUm dono para Buscapé
_lpor
245 1 0 _aUm dono para Buscapé
300 _a62
362 0 _a2005
440 1 _aModerna
697 _aLITERATURA INFANTO-JUVENIL
942 _cBK
999 _c183383
_d183383